000 00400nam a2200145Ia 4500
008 230312s9999||||xx |||||||||||||| ||und||
082 _a330
_bJAI
100 _aS K Jain
245 0 _aApplied Economics
260 _bVikas Publishing House PVT LTD.
_aNew Delhi
_c1997
300 _a468
546 _aEng.
650 _aEconomics
_vIntroduction , Fundamentals of demend and supply
942 _cBK
999 _c2524
_d2524